00294nam a2200121Ia 450000500170000000800410001708200130005810000210007124500110009226000310010330000130013450000250014720250406063909.0240331s9999 xx 000 0 und d bSENa894 aSengaiaaliyan, K 0aAkkini aJaffnabDavid Ligoryc1991 a134 p ., aA Contemporary Novel